000
00319nam a22001457a 4500
008
221130b ||||| |||| 00| 0 eng d
020
_a
978135479398
041
_a
eng
080
_a
611
082
_a
611GRE
100
_a
10
101
_a
ANAT
245
_a
HUMAN ANATOMY & PHYSIOLOGY
_c
GREENE L.M
942
_2
udc
_c
BK
999
_c
59042
_d
59042